[Event "World Rapid 2019"]
[Site "Moscow RUS"]
[Date "2019.12.28"]
[Round "11.19"]
[White "Bocharov, Dmitry"]
[Black "Yu, Yangyi"]
[Result "1/2-1/2"]
[WhiteTitle "GM"]
[BlackTitle "GM"]
[WhiteElo "2524"]
[BlackElo "2738"]
[WhiteFideId "4138716"]
[BlackFideId "8603820"]
[EventDate "2019.12.26"]

1. c4 c6 2. Nf3 d5 3. e3 Nf6 4. Nc3 g6 5. d4 Bg7 6. Be2 O-O 7. O-O Ne4 8. Qb3
dxc4 9. Bxc4 Nd6 10. Be2 Be6 11. Qc2 Nd7 12. e4 Bg4 13. Rd1 Rc8 14. Bg5 h6 15.
Bh4 Re8 16. h3 Bxf3 17. Bxf3 c5 18. dxc5 Nxc5 19. Rac1 Ne6 20. Bg4 Qa5 21. Bxe6
fxe6 22. Bxe7 Nc4 23. Bh4 b5 24. e5 Nxe5 25. Qe2 Nf7 26. a3 b4 27. axb4 Qxb4 28.
Bg3 Qb3 29. Rd7 a5 30. Rcd1 Rcd8 31. Qf3 Rxd7 32. Rxd7 Rf8 33. Rb7 Qc2 34. Qe3
a4 35. Ra7 Qxb2 36. Ne2 Qb3 37. Nc1 Qxe3 38. fxe3 Rc8 39. Ne2 Rc4 40. Nf4 Be5
41. Kh2 Re4 42. Nxg6 Bxg3+ 43. Kxg3 Rxe3+ 44. Kf2 Re4 45. Kf3 Rb4 46. Ne7+ Kf8
47. Nc6 Ng5+ 48. Ke3 Rc4 49. Nd4 e5 50. Nf5 Rc3+ 51. Ke2 a3 52. Nd6 Rc2+ 53. Kd1
Ra2 54. Nc4 e4 55. Rxa3 Rxg2 56. Re3 Rh2 57. Nd2 Nxh3 58. Nxe4 Kf7 59. Re2 Rh1+
60. Re1 Rh2 61. Re2 Rh1+ 62. Re1 Rxe1+ 63. Kxe1 Kg6 64. Kf1 Kf5 65. Nf2 Ng5 66.
Kg2 Kf4 67. Nh3+ Kg4 68. Nf2+ Kh4 69. Nd3 Ne6 70. Ne5 h5 71. Nf3+ Kg4 72. Nh2+
Kf4 73. Kh3 Nd4 74. Kh4 Nf3+ 75. Nxf3 Kxf3 76. Kxh5 1/2-1/2

[Event "World Rapid 2019"]
[Site "Moscow RUS"]
[Date "2019.12.28"]
[Round "11.20"]
[White "Antipov, Mikhail Al."]
[Black "Wojtaszek, Radoslaw"]
[Result "1-0"]
[WhiteTitle "GM"]
[BlackTitle "GM"]
[WhiteElo "2549"]
[BlackElo "2725"]
[WhiteFideId "4107012"]
[BlackFideId "1118358"]
[EventDate "2019.12.26"]

1. e4 c6 2. Nf3 d5 3. d3 dxe4 4. dxe4 Qxd1+ 5. Kxd1 Nf6 6. Nfd2 h5 7. h4 Ng4 8.
Ke1 g6 9. Nc4 Nd7 10. a4 Bg7 11. f3 Nge5 12. a5 Rb8 13. Nc3 b5 14. axb6 axb6 15.
Be3 b5 16. Nxe5 Nxe5 17. Ra7 Be6 18. Be2 O-O 19. Kf2 Nc4 20. Bxc4 bxc4 21. Na4
Ra8 22. Rxa8 Rxa8 23. Nc3 Rb8 24. Bc1 Bd4+ 25. Be3 Be5 26. Nd1 Bxb2 27. Nxb2
Rxb2 28. Rc1 f5 29. Bd4 Ra2 30. Ke3 Kf7 31. g3 fxe4 32. fxe4 Bg4 33. Rf1+ Ke6
34. Rf2 Ra3+ 35. Kf4 c3 36. Ke3 Ra4 37. Bxc3 Ra3 38. Kd2 Ra4 39. Kd3 Bh3 40. Bd4
Ra2 41. Bc5 Ra1 42. Rf8 Rd1+ 43. Kc3 Bg2 44. Re8 Rd7 45. e5 Be4 46. Bb4 Kf7 47.
Rh8 Ke6 48. Rh7 Bf5 49. Rg7 Ra7 50. Bc5 Ra2 51. Kd4 Bxc2 52. Rxe7+ Kf5 53. Rf7+
Kg4 54. e6 Bb3 55. Rf4+ Kxg3 56. e7 Rd2+ 57. Kc3 Re2 58. Rf8 Bd5 59. e8=Q Rxe8
60. Rxe8 Kxh4 61. Re5 Kg4 62. Be7 h4 63. Rg5+ Kf3 64. Rxg6 h3 65. Rh6 Kg4 66.
Bd6 Bg2 67. Kd4 Kf3 68. Rf6+ Ke2 69. Bg3 Kd2 70. Rf2+ Kc1 71. Kc3 Kd1 72. Rd2+
Kc1 73. Bf4 Kb1 74. Rb2+ Ka1 75. Kb3 1-0

[Event "World Rapid 2019"]
[Site "Moscow RUS"]
[Date "2019.12.28"]
[Round "11.21"]
[White "Salem, A.R. Saleh"]
[Black "Andriasian, Zaven"]
[Result "1-0"]
[WhiteTitle "GM"]
[BlackTitle "GM"]
[WhiteElo "2675"]
[BlackElo "2611"]
[WhiteFideId "9301348"]
[BlackFideId "13302000"]
[EventDate "2019.12.26"]

1. e4 e5 2. Nf3 Nc6 3. Bb5 a6 4. Ba4 d6 5. c3 Bd7 6. O-O g6 7. d4 Bg7 8. Bg5
Nge7 9. d5 Nb8 10. c4 O-O 11. Nc3 Bxa4 12. Nxa4 Nd7 13. Nd2 f5 14. f3 h6 15. Be3
f4 16. Bf2 b6 17. b4 g5 18. c5 b5 19. Nc3 h5 20. a4 bxa4 21. Rxa4 Nf6 22. Qe2
Ng6 23. c6 g4 24. Rxa6 g3 25. Ba7 gxh2+ 26. Kh1 h4 27. Rfa1 Nh5 28. Kxh2 Ng3 29.
Qd3 h3 30. gxh3 Qh4 31. Bf2 Rxa6 32. Qxa6 Qg5 33. Rg1 Nh4 34. Qd3 Kh7 35. b5 Bh6
36. b6 cxb6 37. Bxb6 Rg8 38. c7 Qh5 39. Nb5 Ra8 40. Na7 Qe8 41. Qc4 Qh5 42. c8=Q
Rxc8 43. Nxc8 Nxf3+ 44. Nxf3 Qxf3 45. Nxd6 Qa3 46. Qc7+ Bg7 47. Nf5 Qb2+ 48. Rg2 1-0

[Event "World Rapid 2019"]
[Site "Moscow RUS"]
[Date "2019.12.28"]
[Round "11.22"]
[White "Demchenko, Anton"]
[Black "Tomashevsky, Evgeny"]
[Result "1/2-1/2"]
[WhiteTitle "GM"]
[BlackTitle "GM"]
[WhiteElo "2642"]
[BlackElo "2705"]
[WhiteFideId "4160258"]
[BlackFideId "4147235"]
[EventDate "2019.12.26"]

1. d4 Nf6 2. Nf3 d5 3. Bf4 c5 4. e3 Nc6 5. Nbd2 cxd4 6. exd4 Qb6 7. Nb3 Bg4 8.
h3 Bh5 9. a4 a6 10. a5 Qd8 11. c3 1/2-1/2

[Event "World Rapid 2019"]
[Site "Moscow RUS"]
[Date "2019.12.28"]
[Round "11.24"]
[White "Perunovic, Milos"]
[Black "Zhigalko, Sergei"]
[Result "1-0"]
[WhiteTitle "GM"]
[BlackTitle "GM"]
[WhiteElo "2589"]
[BlackElo "2571"]
[WhiteFideId "921629"]
[BlackFideId "13502956"]
[EventDate "2019.12.26"]

1. e4 c5 2. Nf3 Nc6 3. Nc3 Nf6 4. Bb5 Qc7 5. O-O Nd4 6. Re1 a6 7. Bf1 Ng4 8. e5
h5 9. d3 e6 10. Bf4 d6 11. exd6 Bxd6 12. Bxd6 Qxd6 13. g3 f5 14. h3 Nf6 15. Bg2
Bd7 16. Ne5 h4 17. Qd2 hxg3 18. fxg3 Bc6 19. Nxc6 bxc6 20. Ne2 Kf7 21. c3 Nxe2+
22. Qxe2 Rab8 23. b3 Nh5 24. Qe5 Rbd8 25. g4 Nf4 26. gxf5 Qxe5 27. Rxe5 Kf6 28.
Rxc5 Rxd3 29. Rf1 e5 30. Rf3 Rd1+ 31. Rf1 Rd2 32. Rf2 Rd6 33. Rf3 Rd1+ 34. Rf1
Rd2 35. Rf2 Rd6 36. Rf3 Kxf5 37. Re3 Rd1+ 38. Kh2 Rd2 39. Rexe5+ Kg6 40. Rxc6+
Kh7 41. Rg5 Re8 42. Rc4 Rf8 43. Rg4 Rf2 44. Rc7 Ne6 45. Re7 R8f6 46. Kg3 Rxa2
47. Bd5 Re2 48. Bxe6 Re3+ 49. Kh2 Rfxe6 50. Rgxg7+ Kh6 51. Rxe6+ Rxe6 52. Rg3
Re1 53. Kg2 a5 54. Kf2 Rb1 55. c4 Rb2+ 56. Ke1 Ra2 57. Rc3 Kg5 58. c5 a4 59.
bxa4 Rxa4 60. c6 Ra8 61. c7 Rc8 62. Kf2 Kf4 63. h4 Ke5 64. Kf3 Kd6 65. h5 Kd7
66. Kf4 Rf8+ 67. Kg5 Kc8 68. h6 Rf1 69. Rg3 Kxc7 70. h7 Rh1 71. Kg6 1-0

[Event "World Rapid 2019"]
[Site "Moscow RUS"]
[Date "2019.12.28"]
[Round "11.25"]
[White "Zubov, Alexander"]
[Black "Ganguly, Surya Shekhar"]
[Result "1/2-1/2"]
[WhiteTitle "GM"]
[BlackTitle "GM"]
[WhiteElo "2601"]
[BlackElo "2633"]
[WhiteFideId "14109409"]
[BlackFideId "5002150"]
[EventDate "2019.12.26"]

1. d4 Nf6 2. Nf3 d5 3. c4 e6 4. Nc3 Bb4 5. cxd5 exd5 6. Bg5 h6 7. Bh4 O-O 8. Rc1
Bf5 9. e3 Nbd7 10. Qb3 Ba5 11. Be2 c6 12. O-O Qb6 13. Nd2 Rfe8 14. Na4 Qd8 15.
Nf3 Rb8 16. Bg3 Bc7 17. Bxc7 Qxc7 18. a3 Ne4 19. Qxd5 Qxh2+ 20. Kxh2 cxd5 21.
Nc3 Rbc8 22. Nxe4 dxe4 23. Nd2 Nb6 24. g4 Bg6 25. Kg3 f5 26. Nb3 Nd5 27. gxf5
Bxf5 28. Bc4 Be6 29. Nc5 Bf7 30. Be2 Rc6 31. Nd7 Rg6+ 32. Kh2 Rg5 33. Ne5 Be6
34. Rg1 Rf5 35. Rg2 Ref8 36. Kg1 R5f6 37. Rc5 b6 38. Rc6 Rc8 39. Rxc8+ Bxc8 40.
Bc4 Be6 41. Rh2 Nc7 42. Bxe6+ Nxe6 43. Kg2 Rf8 44. Nc6 Nc7 45. Rh5 Rf6 46. Nxa7
g5 47. Rh1 Nd5 48. Rc1 Kg7 49. Nc6 h5 50. Ne5 g4 51. Rc8 Kh6 52. Rh8+ Kg5 53.
Rg8+ Kh6 54. Re8 Nc7 55. Rh8+ Kg5 56. Rg8+ Kh6 57. a4 Nd5 58. Re8 Nb4 59. Rh8+
Kg5 60. Rg8+ Kh6 61. Rc8 Kg5 62. Rc4 Nd5 63. Rc8 Nb4 64. Rc4 Nd5 65. a5 bxa5 66.
Rc5 Nb4 67. Rxa5 Kh6 68. Rc5 Rb6 69. Nf7+ Kg6 70. Ne5+ Kh6 71. Nc4 Rf6 72. d5
Rxf2+ 73. Kxf2 Nd3+ 74. Kg2 Nxc5 75. b4 Nb7 76. d6 Kg5 77. d7 Kf6 78. Nd6 Nd8
79. Nxe4+ Ke5 80. Nc5 h4 81. Nd3+ Kd6 82. Nc5 Ke5 83. b5 Kd6 84. Ne4+ Kxd7 85.
Nf6+ Kd6 86. Nxg4 Kc5 87. Kh3 Kxb5 88. Kxh4 1/2-1/2

[Event "World Rapid 2019"]
[Site "Moscow RUS"]
[Date "2019.12.28"]
[Round "11.26"]
[White "Riazantsev, Alexander"]
[Black "Mamedov, Rauf"]
[Result "0-1"]
[WhiteTitle "GM"]
[BlackTitle "GM"]
[WhiteElo "2639"]
[BlackElo "2659"]
[WhiteFideId "4125029"]
[BlackFideId "13401653"]
[EventDate "2019.12.26"]

1. d4 d5 2. c4 c6 3. Nf3 Nf6 4. Nc3 dxc4 5. a4 Bf5 6. Ne5 Nbd7 7. Nxc4 Qc7 8. g3
e5 9. dxe5 Nxe5 10. Bf4 Nfd7 11. Bg2 g5 12. Ne3 gxf4 13. Nxf5 O-O-O 14. Qc2 Nc5
15. O-O fxg3 16. hxg3 a5 17. Rad1 h5 18. Rxd8+ Qxd8 19. Rd1 Qf6 20. e3 Kb8 21.
Ne2 Ne6 22. Ned4 Bb4 23. Nh4 Rd8 24. Qe2 Nxd4 25. Rxd4 Rxd4 26. exd4 Ng4 27. Nf3
Bd6 28. Bh3 Qf5 29. Bxg4 hxg4 30. Nh4 Qb1+ 31. Kg2 Ka7 32. Qxg4 Qxb2 33. Nf5 Bb4
34. Ne3 Qa2 35. Qf3 Qxa4 36. Qxf7 Qb5 37. g4 a4 38. Qg8 Bd2 39. Nc4 Bf4 40. Kf3
Bc7 41. Ne3 a3 42. g5 Qb1 43. Qf8 Qb3 44. g6 a2 45. g7 a1=Q 46. g8=Q Qxg8 47.
Qxg8 Qxd4 48. Qa2+ Kb8 49. Qg8+ Qd8 50. Qc4 Qf6+ 51. Ke2 b5 52. Qe4 Kb7 53. f3
Qb2+ 54. Kd3 Bb6 55. Nf5 Bc5 56. Qe6 Qb1+ 57. Kd2 Bb4+ 0-1

[Event "World Rapid 2019"]
[Site "Moscow RUS"]
[Date "2019.12.28"]
[Round "11.27"]
[White "Petrov, Nikita"]
[Black "Chigaev, Maksim"]
[Result "1-0"]
[WhiteTitle "GM"]
[BlackTitle "GM"]
[WhiteElo "2585"]
[BlackElo "2631"]
[WhiteFideId "4101286"]
[BlackFideId "4108116"]
[EventDate "2019.12.26"]

1. c4 g6 2. Nc3 Bg7 3. g3 e5 4. Bg2 Nc6 5. e3 d6 6. Nge2 Nge7 7. a3 h5 8. h3 h4
9. g4 f5 10. gxf5 Bxf5 11. d3 Qd7 12. e4 Be6 13. Nd5 O-O-O 14. Qa4 Kb8 15. b4
Rdf8 16. Bg5 Nc8 17. b5 Nd4 18. Nxd4 exd4 19. Qc2 Bxd5 20. cxd5 Be5 21. a4 Bf4
22. Bxf4 Rxf4 23. Qb2 Rhf8 24. f3 g5 25. a5 Ne7 26. b6 a6 27. bxc7+ Qxc7 28.
Qxd4 Nxd5 29. O-O Nc3 30. Rf2 Nb5 31. Qe3 d5 32. exd5 Rd4 33. Qxg5 Qd6 34. f4
Rxd3 35. Qe5 Ka8 36. Qxd6 Nxd6 37. Re1 Kb8 38. Re6 Kc7 39. Re7+ Kd8 40. Rh7 Rc3
41. f5 Rc7 42. Rxh4 Rc5 43. Rh6 Kc7 44. f6 Rxa5 45. Rh7+ Kd8 46. h4 Ra1+ 47. Kh2
Ra4 48. Bh3 Rf7 49. Rh8+ Kc7 50. Be6 Kb6 51. Bxf7 Nxf7 52. Rh7 Ne5 53. f7 Ng4+
54. Kg2 1-0

[Event "World Rapid 2019"]
[Site "Moscow RUS"]
[Date "2019.12.28"]
[Round "11.28"]
[White "Bartel, Mateusz"]
[Black "Shimanov, Aleksandr"]
[Result "1-0"]
[WhiteTitle "GM"]
[BlackTitle "GM"]
[WhiteElo "2634"]
[BlackElo "2587"]
[WhiteFideId "1112635"]
[BlackFideId "4198603"]
[EventDate "2019.12.26"]

1. e4 c6 2. Nf3 d5 3. Nc3 dxe4 4. Nxe4 Nf6 5. Ng3 e6 6. b3 Bd6 7. Bb2 O-O 8. Bd3
Nbd7 9. O-O b6 10. Ng5 h6 11. N5e4 Be7 12. Nh5 Nxh5 13. Qxh5 Nf6 14. Qe5 Bb7 15.
f4 Qb8 16. Nxf6+ Bxf6 17. Qe4 Rd8 18. Bxf6 gxf6 19. Qh7+ Kf8 20. f5 e5 21. Bc4
Qc7 22. Qxh6+ Ke7 23. Bxf7 Rf8 24. Be6 c5 25. Rae1 Rad8 26. Rf2 Kd6 27. Re3 Qe7
28. Rg3 Rh8 29. Qg7 Qxg7 30. Rxg7 Bc6 31. Rxa7 Rh6 32. a4 e4 33. Rg7 Ke5 34. Bc4
Bd5 35. Bxd5 Rxd5 36. Re7+ Kd4 37. Re6 c4 38. Rxb6 c3 39. Rb4+ Ke5 40. Rb5 Rxb5
41. axb5 cxd2 42. Rxd2 e3 43. Rd3 Ke4 44. b6 Rh7 45. Kf1 Rg7 1-0

[Event "World Rapid 2019"]
[Site "Moscow RUS"]
[Date "2019.12.28"]
[Round "11.30"]
[White "Xu, Yinglun"]
[Black "Cheparinov, Ivan"]
[Result "1/2-1/2"]
[WhiteTitle "GM"]
[BlackTitle "GM"]
[WhiteElo "2555"]
[BlackElo "2687"]
[WhiteFideId "8604940"]
[BlackFideId "2905540"]
[EventDate "2019.12.26"]

1. d4 Nf6 2. c4 g6 3. Nc3 d5 4. cxd5 Nxd5 5. e4 Nxc3 6. bxc3 Bg7 7. Nf3 c5 8.
Be3 Bg4 9. Rc1 O-O 10. Be2 Qa5 11. Qd2 Nd7 12. d5 c4 13. O-O Nc5 14. Qc2 Rac8
15. Bxc4 Na4 16. Qb3 Nxc3 17. Bd2 Bxf3 18. Bxc3 Bxc3 19. Rxc3 Bxe4 20. Re3 Bf5
21. d6 e6 22. h3 Qc5 23. Bd3 Qxd6 24. Bxf5 exf5 25. Qxb7 Rc7 26. Qb3 Rfc8 27.
Qa4 Kg7 28. Qb3 h5 29. g3 Rc2 30. Rd3 Qc6 31. Rfd1 Qc5 32. Re3 Rc7 33. Rd8 Qc6
34. Qb4 Rc1+ 35. Re1 Rxe1+ 36. Qxe1 Qc1 37. Rd1 Qc3 38. Qe8 Rc8 39. Qe7 Qc5 40.
Rd7 Qxe7 41. Rxe7 a5 42. Ra7 Rc5 43. h4 f4 44. gxf4 Rf5 45. Kg2 Rxf4 46. Rxa5
Rxh4 47. a4 f5 48. Ra6 Kh6 49. a5 Rg4+ 50. Kf3 Ra4 51. Kg3 h4+ 52. Kf3 Kg5 53.
Ra8 Ra3+ 54. Kg2 Kf4 55. a6 g5 56. a7 g4 57. Kh2 h3 58. Kh1 Ra2 59. Kg1 Ra5 60.
Kh1 Ra2 61. Kg1 Ra1+ 62. Kh2 Ra4 63. Kh1 Ra6 64. Kg1 Ra2 65. Kh1 h2 66. Rf8 Rxa7
67. Kxh2 Ra2 68. Kg1 Rb2 69. Kf1 Ke4 70. Kg2 Kf4 71. Kf1 Rb5 72. Kg2 Re5 73. Ra8
Rd5 74. Rf8 Rd6 75. Ra8 Kg5 76. Ra5 Rd3 77. Rb5 Rf3 78. Ra5 Kh4 79. Ra8 Rb3 80.
Rg8 Rb6 81. Rg7 f4 82. Rg8 Rb5 83. Rh8+ Rh5 84. Rg8 Rh6 85. f3 1/2-1/2

[Event "World Rapid 2019"]
[Site "Moscow RUS"]
[Date "2019.12.28"]
[Round "11.31"]
[White "Petrosian, Tigran L."]
[Black "Nihal, Sarin"]
[Result "1-0"]
[WhiteTitle "GM"]
[BlackTitle "GM"]
[WhiteElo "2601"]
[BlackElo "2612"]
[WhiteFideId "13301616"]
[BlackFideId "25092340"]
[EventDate "2019.12.26"]

1. b3 d5 2. Bb2 Bg4 3. g3 Nf6 4. Bg2 e6 5. d3 Nbd7 6. Nd2 Bd6 7. Ngf3 c6 8. h3
Bh5 9. O-O O-O 10. e4 e5 11. Qe1 Re8 12. Nh4 a5 13. a3 Bg6 14. Nxg6 hxg6 15. Nf3
Qe7 16. Qe2 Rad8 17. Rfe1 d4 18. Nd2 b5 19. Rec1 a4 20. bxa4 bxa4 21. Nc4 Rb8
22. c3 c5 23. Qc2 Nb6 24. Nxd6 Qxd6 25. Bf3 Rec8 26. c4 Na8 27. Bd1 Nc7 28. Rcb1
Qd7 29. Kg2 Rb3 30. Qe2 Rb6 31. Bc1 Rcb8 32. Rxb6 Rxb6 33. Qc2 Ra6 34. Rb1 Ra8
35. Rb6 Ne6 36. Qb1 Qa7 37. Qb5 Nc7 38. Qc6 Ne6 39. Bd2 1-0

[Event "World Rapid 2019"]
[Site "Moscow RUS"]
[Date "2019.12.28"]
[Round "11.33"]
[White "Alekseev, Evgeny"]
[Black "Jakovenko, Dmitry"]
[Result "1-0"]
[WhiteTitle "GM"]
[BlackTitle "GM"]
[WhiteElo "2620"]
[BlackElo "2698"]
[WhiteFideId "4138147"]
[BlackFideId "4122356"]
[EventDate "2019.12.26"]

1. c4 Nf6 2. Nc3 e5 3. Nf3 Nc6 4. d3 Bb4 5. Bd2 O-O 6. e3 Re8 7. Be2 d5 8. cxd5
Nxd5 9. O-O a5 10. Rc1 Nxc3 11. Bxc3 Qd6 12. Nd2 Bf5 13. Ne4 Qg6 14. Bh5 Qh6 15.
Bf3 Rad8 16. a3 Bf8 17. Qb3 b6 18. Qc4 Re6 19. Rfd1 Qh4 20. Be1 Rh6 21. h3 Qe7
22. Ng3 Bd7 23. Be4 Qf6 24. b4 axb4 25. axb4 Rc8 26. Bc3 Nd8 27. d4 exd4 28.
Bxd4 Qe7 29. Bc3 Rd6 30. Nf5 Bxf5 31. Bxf5 Ne6 32. Rxd6 Qxd6 33. Bc2 g6 34. Rd1
Qe7 35. Bb3 Bg7 36. Bxg7 Kxg7 37. Qc3+ Kg8 38. Qe5 c5 39. bxc5 bxc5 40. Bc4 Rc6
41. Rb1 Rc8 42. Rb6 Re8 43. Bxe6 fxe6 44. Rc6 Qf7 45. Qxc5 Qf6 46. Qd6 h5 47. f4
Qe7 48. Qe5 Qf7 49. Kh2 Re7 50. Kg3 Re8 51. Kh2 Re7 52. Rc8+ Re8 53. Rc7 Re7 54.
Rc6 Re8 55. e4 Re7 56. Rc8+ Re8 57. Rxe8+ Qxe8 58. f5 Kh7 59. Qxe6 Qb8+ 60. e5
gxf5 61. Qxf5+ Kh6 62. Qf6+ Kh7 63. Qf5+ Kh6 64. h4 Qe8 65. Qf6+ Kh7 66. Qf5+
Kg7 67. Kh3 1-0

[Event "World Rapid 2019"]
[Site "Moscow RUS"]
[Date "2019.12.28"]
[Round "11.34"]
[White "Matlakov, Maxim"]
[Black "Popov, Ivan RUS"]
[Result "1/2-1/2"]
[WhiteTitle "GM"]
[BlackTitle "GM"]
[WhiteElo "2699"]
[BlackElo "2636"]
[WhiteFideId "4168003"]
[BlackFideId "4170350"]
[EventDate "2019.12.26"]

1. d4 d5 2. Nf3 c5 3. c4 dxc4 4. e4 cxd4 5. Qxd4 Qxd4 6. Nxd4 Bd7 7. Bxc4 Nc6 8.
Nxc6 Bxc6 9. f3 e6 10. Be3 Nf6 11. Nd2 Nd7 12. Nb3 Rc8 13. Rc1 Ba4 14. Nd4 Nb6
15. Be2 Rxc1+ 16. Bxc1 Bc5 17. Be3 e5 18. Nf5 Bxe3 19. Nxe3 Bd7 20. Nc4 1/2-1/2

[Event "World Rapid 2019"]
[Site "Moscow RUS"]
[Date "2019.12.28"]
[Round "11.35"]
[White "Safarli, Eltaj"]
[Black "Khanin, Semen"]
[Result "1-0"]
[WhiteTitle "GM"]
[BlackTitle "IM"]
[WhiteElo "2601"]
[BlackElo "2500"]
[WhiteFideId "13402129"]
[BlackFideId "4111990"]
[EventDate "2019.12.26"]

1. e4 e5 2. Nf3 Nc6 3. Bb5 a6 4. Ba4 Nf6 5. Qe2 b5 6. Bb3 Bc5 7. c3 O-O 8. O-O
Re8 9. Rd1 h6 10. d3 Bf8 11. Nbd2 Bb7 12. Nf1 Na5 13. Bc2 c5 14. Ng3 d5 15. a3
Nc6 16. Bb3 Qd7 17. Nh4 Rad8 18. Nhf5 Na5 19. Bc2 dxe4 20. dxe4 Qe6 21. Rb1 c4
22. Be3 Kh7 23. h3 g6 24. Nh4 Nb3 25. Nf3 Nc5 26. h4 Rxd1+ 27. Rxd1 Qg4 28. h5
gxh5 29. Nf5 Bxe4 30. Bxc5 Bxc5 31. Nd6 Bxd6 32. Rxd6 Rg8 33. g3 Bd3 34. Rxf6 e4
35. Bxd3 cxd3 36. Qe3 Rg6 37. Rxf7+ Kg8 38. Rf4 Qd7 39. Rxe4 1-0

[Event "World Rapid 2019"]
[Site "Moscow RUS"]
[Date "2019.12.28"]
[Round "11.36"]
[White "Alekseenko, Kirill"]
[Black "Sethuraman, S.P."]
[Result "1-0"]
[WhiteTitle "GM"]
[BlackTitle "GM"]
[WhiteElo "2704"]
[BlackElo "2638"]
[WhiteFideId "4135539"]
[BlackFideId "5021596"]
[EventDate "2019.12.26"]

1. e4 c5 2. Nf3 d6 3. Nc3 Nf6 4. d4 cxd4 5. Nxd4 a6 6. Nb3 e6 7. a4 b6 8. f3 Bb7
9. Bf4 d5 10. exd5 Nxd5 11. Nxd5 Qxd5 12. Qxd5 Bxd5 13. c4 Bc6 14. a5 Nd7 15.
Be3 Bc5 16. Kf2 Bxe3+ 17. Kxe3 O-O 18. axb6 Nxb6 19. Na5 Rfc8 20. Bd3 Rab8 21.
b4 Kf8 22. Rhc1 Nd7 23. b5 axb5 24. cxb5 Bd5 25. Kd4 Rxc1 26. Rxc1 Ra8 27. Rc7
Ke7 28. Nc4 Ra4 29. Kc3 Bxc4 30. Bxc4 Kd8 31. Rc6 Ne5 32. Rc5 Nd7 33. Rh5 h6 34.
Bb3 Ra1 35. Rh4 Rg1 36. Rd4 Kc7 37. Rd2 Nc5 38. Bd1 Nd7 39. Kb4 Nb6 40. Kc5 Nd7+
41. Kd4 Re1 42. Be2 Rc1 43. Ra2 Kb7 44. f4 Nc5 45. Ke5 Kb6 46. Kd6 Ne4+ 47. Ke7
Rc7+ 48. Kf8 g5 49. Ra6+ Kc5 50. b6 Rb7 51. Ra7 Rxb6 52. Rxf7 gxf4 53. Rxf4 Nd6
54. Bf3 e5 55. Ra4 Rb2 56. Ra5+ Nb5 57. Kg7 Kb6 58. Ra8 Rb4 59. Re8 Nd4 60. Kxh6
Kc7 61. Rxe5 Nxf3 62. gxf3 Rf4 63. Re3 Rh4+ 64. Kg5 Rxh2 65. f4 Kd6 66. f5 Rf2
67. f6 Kd7 68. Kg6 Rg2+ 69. Kf7 Rd2 70. Kf8 Rf2 71. f7 Rf1 72. Rd3+ Ke6 73. Ke8 1-0

[Event "World Rapid 2019"]
[Site "Moscow RUS"]
[Date "2019.12.28"]
[Round "11.37"]
[White "Socko, Bartosz"]
[Black "Utegaliyev, Azamat"]
[Result "1/2-1/2"]
[WhiteTitle "GM"]
[WhiteElo "2618"]
[BlackElo "2502"]
[WhiteFideId "1107038"]
[BlackFideId "13702467"]
[EventDate "2019.12.26"]

1. d4 Nf6 2. Nf3 g6 3. g3 Bg7 4. c4 d6 5. Bg2 O-O 6. O-O c6 7. Nc3 Bf5 8. b3 Ne4
9. Bb2 Nxc3 10. Bxc3 Be4 11. Qd2 Nd7 12. Rac1 a5 13. Rfd1 a4 14. b4 Nb6 15. Ba1
d5 16. c5 Nc4 17. Qf4 Qb8 18. Ne5 Nxe5 19. Bxe4 Nd7 20. Bg2 a3 21. Qxb8 Rfxb8
22. b5 e5 23. e3 exd4 24. Bxd4 Bxd4 25. exd4 Re8 26. Bf3 Nf8 27. Rd3 Ra4 28.
Rcd1 Ne6 29. b6 Rea8 30. R1d2 Rb4 31. Kg2 Rb2 32. Bd1 Ra5 33. h4 Rab5 34. Kf3
Kg7 35. Ke3 R5b4 36. f4 h5 37. f5 gxf5 38. Bxh5 Kf6 39. Bd1 Rc4 40. Bb3 Rc1 41.
Rd1 Rxd1 42. Rxd1 Rh2 43. Rb1 f4+ 44. gxf4 Rh3+ 45. Kd2 Nxd4 46. Ba4 Rxh4 47.
Ke3 Nf5+ 48. Kf3 Ne7 49. Kg3 Nf5+ 50. Kf3 Rh3+ 51. Kg2 Rh8 52. Kf3 Ra8 53. Rb4
Ne7 54. Bb3 Ra5 55. Ra4 Rxc5 56. Ra7 Rb5 57. Rxb7 Ke6 58. Rb8 Kd7 59. Ke3 Nf5+
60. Kd3 Nd6 61. Kc3 Nc8 62. Rb7+ Kd6 63. Rxf7 Nxb6 64. Rf6+ Kc5 65. Rh6 Ra5 66.
f5 Ra8 67. Bc2 d4+ 68. Kb3 Nd5 69. Be4 Re8 70. Re6 Ra8 71. f6 Rf8 72. Kxa3 Rf7
73. Kb3 d3 74. Bxd3 Nf4 75. Re5+ Kd6 76. Re4 Rxf6 77. Bc4 Kc5 78. Kc3 Ng6 79.
Bd3 Nf8 80. Re5+ Kd6 81. Rf5 Nd7 1/2-1/2

[Event "World Rapid 2019"]
[Site "Moscow RUS"]
[Date "2019.12.28"]
[Round "11.38"]
[White "Laznicka, Viktor"]
[Black "Bluebaum, Matthias"]
[Result "1/2-1/2"]
[WhiteTitle "GM"]
[BlackTitle "GM"]
[WhiteElo "2648"]
[BlackElo "2644"]
[WhiteFideId "316385"]
[BlackFideId "24651516"]
[EventDate "2019.12.26"]

1. c4 e5 2. Nc3 Bb4 3. g3 Bxc3 4. bxc3 d6 5. Bg2 f5 6. d3 Nf6 7. Nf3 Nc6 8. O-O
O-O 9. Bg5 h6 10. Bxf6 Qxf6 11. Nd2 Ne7 12. Qa4 c6 13. Rab1 Kh8 14. Qa3 Rd8 15.
f4 exf4 16. Rxf4 Ng6 17. Rf2 Ne5 18. Bh3 Qg6 19. Rbf1 Qh5 20. Bg2 Be6 21. h3 Qg5
22. Nf3 Qxg3 23. Nd4 Bd7 24. Nxf5 Bxf5 25. Rxf5 Ng6 26. R5f3 Qg5 27. Qc1 Nh4 28.
R3f2 Qe7 29. Qf4 Nxg2 30. Kxg2 d5 31. Kh2 Rf8 32. Qd4 dxc4 33. Qxc4 Qe5+ 34. Kg2
Qg5+ 35. Kh2 Qe5+ 36. Kg2 Qg5+ 37. Qg4 Qd5+ 38. Kg1 Rxf2 39. Rxf2 Qxa2 40. c4 a5
41. Rf7 Qa1+ 42. Kf2 a4 43. d4 Rg8 44. Qf4 a3 45. Rf6 Qb1 46. Rxh6+ gxh6 47.
Qxh6+ Qh7 48. Qf6+ Rg7 49. Qd8+ Qg8 50. Qh4+ Qh7 1/2-1/2

[Event "World Rapid 2019"]
[Site "Moscow RUS"]
[Date "2019.12.28"]
[Round "11.39"]
[White "Shirov, Alexei"]
[Black "Jumabayev, Rinat"]
[Result "1/2-1/2"]
[WhiteTitle "GM"]
[BlackTitle "GM"]
[WhiteElo "2684"]
[BlackElo "2646"]
[WhiteFideId "2209390"]
[BlackFideId "13702661"]
[EventDate "2019.12.26"]

1. e4 e5 2. Nf3 Nc6 3. Bb5 Nf6 4. O-O Nxe4 5. d4 Nd6 6. Bxc6 dxc6 7. dxe5 Nf5 8.
Qxd8+ Kxd8 9. Nc3 Ke8 10. h3 h5 11. Bf4 Be7 12. Rad1 Be6 13. Ng5 Rh6 14. Kh2 Rd8
15. Rxd8+ Bxd8 16. Rd1 Be7 17. g3 Bc8 18. h4 Rg6 19. f3 Bc5 20. Nge4 Be3 21. Ne2
Re6 22. Ng5 Re7 23. Rd3 Bb6 24. Nc3 Rd7 25. e6 fxe6 26. Rxd7 Bxd7 27. Nce4 Bd4
28. c3 e5 29. Bd2 Bb6 30. b3 Ne3 31. Bc1 Bf5 32. Ba3 a5 33. Bc1 a4 34. Ba3 Nc2
35. Bc1 axb3 36. axb3 Ne3 37. Ba3 Nc2 38. Bc1 Na1 39. b4 Nc2 40. Bd2 Ne3 41. Bc1
Nc4 42. Kg2 Ne3+ 43. Kf2 Nd5+ 44. Ke2 Nf6 45. Kd3 Bg1 46. Ke2 Kd7 47. Bd2 Nxe4
48. Nxe4 Ke6 49. Nc5+ Bxc5 50. bxc5 Kd5 51. Be3 Kc4 52. Kd2 g6 53. f4 e4 54. Bd4
Kb5 55. Ke3 b6 56. Kd2 Bg4 57. Ke3 Bf3 58. Kd2 Bh1 59. Be3 Bg2 60. Bd4 Bf1 61.
Ke3 Bd3 62. Kd2 Bc4 63. Be3 Be6 64. Bd4 Bf5 1/2-1/2